Politics of Federalism in Pakistan. (Record no. 542519)
[ view plain ]
| 000 -LEADER | |
|---|---|
| fixed length control field | 00518nam a2200169 a 4500 |
| 020 ## - INTERNATIONAL STANDARD BOOK NUMBER | |
| International Standard Book Number | 9697042093 (hb) |
| 082 ## - DEWEY DECIMAL CLASSIFICATION NUMBER | |
| Classification number | 321.023 |
| Author Mark | MEH |
| -- | N-01,P23 |
| 100 1# - MAIN ENTRY--PERSONAL NAME | |
| Personal name | Mehrunnisa Ali. |
| 9 (RLIN) | 37700 |
| 245 1# - TITLE STATEMENT | |
| Title | Politics of Federalism in Pakistan. |
| 260 ## - PUBLICATION, DISTRIBUTION, ETC. | |
| Place of publication, distribution, etc. | Karachi: |
| Name of publisher, distributor, etc. | Royal Book Company, |
| Date of publication, distribution, etc. | 1996. |
| 300 ## - PHYSICAL DESCRIPTION | |
| Extent | 170p. : 22cm. |
| 526 ## - STUDY PROGRAM INFORMATION NOTE | |
| Program name | 0 |
| Interest level | 0 |
| Reading level | 0 |
| Title point value | 321_023000000000000_MEH |
| 650 #0 - SUBJECT ADDED ENTRY--TOPICAL TERM | |
| Topical term or geographic name entry element | Federal Governments -- Pakistan. |
| 9 (RLIN) | 37701 |
| 650 #0 - SUBJECT ADDED ENTRY--TOPICAL TERM | |
| Topical term or geographic name entry element | NUST |
| 9 (RLIN) | 6342 |
| 650 #0 - SUBJECT ADDED ENTRY--TOPICAL TERM | |
| Topical term or geographic name entry element | Pakistan -- Politics and Government. |
| 9 (RLIN) | 37702 |
| 942 ## - ADDED ENTRY ELEMENTS (KOHA) | |
| Source of classification or shelving scheme | |
| Koha item type | Book |
| Withdrawn status | Lost status | Source of classification or shelving scheme | Damaged status | Not for loan | Permanent Location | Current Location | Date acquired | Total Checkouts | Full call number | Barcode | Date last seen | Price effective from | Koha item type |
|---|---|---|---|---|---|---|---|---|---|---|---|---|---|
| Military College of Engineering (MCE) | Military College of Engineering (MCE) | 01/02/2014 | 321.023 MEH | MCE-44227 | 01/02/2014 | 01/02/2014 | Book |
